zpět

Detail výsledku týmu

Burgr's Club, Lednice

Datum a čas kvízu

25.5 Celkem bodů Celkový počet nahraných bodů na tomto kvízu bez doplňovacích otázek.
8. Pořadí na kvízu Konečné umístění týmu na tomto kvízu.

Zaznamenané odpovědi

# Otázka Odpověď Body Výsledky
1. V neděli byla slavnostně otevř... sv. Jakub 1
2. Ve čtvrtek odsoudil nejvyšší s... Brazílie; Jair Bolsonaro 0
3. Ve čtvrtek měla v českých kin... Srnky 1
4. Řada polských zelinářů je pořá... B 1
5. Čeští volejbalisté si po dlouh... Filipíny 0
6. V tomto tématu se budeme zabýv... sestra - bratr 0
7. Chronologicky seřaďte vybrané... 1D 2B 3C 4A 0
8. Která z uvedených osobností je... C 0
9. V této otázce nás bude zajímat... Přemysl Otakar I. 0
10. Přiřaďte příbuzenské vztahy vy... 1D 2C 3A 4B 0